000 00434nam a2200205Ia 4500
001 002847
003 YMCAF
005 20230512160156.0
008 100717s1971 ||||||||||||||||| ||und|d
024 _a2847
035 _a2827
040 _aYMCAF
_beng
_cIN-KoLT
041 _aeng
082 _aIND-AGN
100 _aAGNIT\OTRI V.
245 0 _aINDUSTRIES RELATION IN INDIA
260 _c1971
300 _a216
942 _2ddc
_cBK
999 _c2234
_d2234